| 000 | 00804cam a22002653a 4500 | ||
|---|---|---|---|
| 001 | 16387056 | ||
| 003 | OSt | ||
| 005 | 20140310184332.0 | ||
| 008 | 971210s1997 xxu 000 1 eng | ||
| 010 | _a 97811757 | ||
| 020 | _a059037236x | ||
| 035 | _a(DLC) 97811757 | ||
| 040 |
_aDLC _cDLC _dDLC |
||
| 050 | 0 | 0 |
_aPZ 7 _b.J76 1997 |
| 100 | 1 |
_aJones, Marcia _q(Marcia Thornton) _923924 |
|
| 245 | 1 | 0 |
_aGodzilla ate my homework / _cMarcia Thornton Jones. |
| 260 |
_aNew York : _bLittle Apple Paperback, _c1997. |
||
| 300 |
_a64 p. _bill .; _c21 cm. |
||
| 521 | _aG2 | ||
| 526 | _c460 | ||
| 650 |
_aFiction _vJuvenile literature _930111 |
||
| 710 | 2 |
_aCopyright Paperback Collection (Library of Congress) _5DLC _9705 |
|
| 906 |
_a7 _bcbc _corignew _d2 _encip _f19 _gy-genrareb |
||
| 942 |
_2lcc _cBK-SCHOLAS |
||
| 999 |
_c33683 _d33683 |
||